01347nam a2200325 i 4500001001000000003000900010005001700019007000300036008004100039020001500080040003000095049000900125082001400134100008200148245006800230264009100298300002800389336002700417337003300444338002800477490003700505500005700542504003200599590002600631910001500657942001400672952012700686952019100813999001701004000027488DO-SdBNP20240305073657.0ta110401s2001 dr 000 0 spa d z9993410047 aDO-SdBNPbspacBNPHUerda aBNPD 4bM516p2221 a Mejía-Ricart G., Tirso,d1936-2021q(Mejía-Ricart Guzmán)eautor9156910aPsicología social, salud y comunidad /cTirso Mejía-Ricart. aSanto Domingo :bSecretaría de Estado de Salud Pública y Asistencia Social,c2001. a281 páginas ;c23 cm. 2rdacontentatextobtxt 2rdamediaasin mediaciónbn 2rdacarrieravolumenbnc aBiblioteca de la salud mentalv4 aIncluye datos biográficos del autor en las solapas aBibliografía : p. 277-281 aInventariado, 2023/BT aBtavárez 2ddccLBS1 00102ddc51708PDaBNPHUbBNPHUcCTd2011-04-01l0oBNPHU PD M516pp27488-10r2020-06-25w2020-06-25yLBS1ZNo se presta 00102ddc51708PDaBNPHUbBNPHUcCTd2023-12-01eDonaciónl0oBNPHU PD M516pp2023-8186r2023-12-01te.2w2023-12-01yLBS1zPerteneció a la biblioteca personal de Bárbara Suncar. c26980d26980